MARC

Tag First Indicator Second Indicator Subfields
LEADER 00000nam a2200000 i 4500
001 in00004742001
006 m o d
007 cr cn|||||||||
008 230510s2023 ncua ob 001 0 eng c
005 20230907182412.8
010 |a  2022048889 
020 |a 1478027045 
020 |a 9781478027041  |q (electronic bk.) 
020 |z 9781478025061  |q (paperback) 
020 |z 1478025069  |q (paperback) 
020 |z 9781478020066  |q (hardcover) 
020 |z 1478020067  |q (hardcover) 
035 |a (DLC)jstor22573/CATS4464609 
037 |a 22573/cats4464609  |b JSTOR 
040 |a NhCcYBP  |c NhCcYBP 
042 |a pcc 
043 |a aw----- 
050 4 |a NX180.S6  |b M345 2023 
072 7 |a ART  |x 015110  |2 bisacsh 
072 7 |a ART  |x 047000  |2 bisacsh 
072 7 |a SOC  |x 008070  |2 bisacsh 
082 0 0 |a 700.1/03  |2 23/eng/20230315 
084 |a ART015110  |a SOC008070  |2 bisacsh 
100 1 |a Mameni, Salar,  |d 1977-  |e author. 
245 1 0 |a Terracene :  |b a crude aesthetics /  |c Salar Mameni. 
264 1 |a Durham :  |b Duke University Press,  |c 2023. 
300 |a 1 online resource. 
336 |a text  |2 rdacontent  |b txt 
337 |a computer  |2 rdamedia  |b c 
338 |a online resource  |2 rdacarrier  |b cr 
490 1 |a Anima: critical race studies otherwise 
504 |a Includes bibliographical references and index. 
505 0 |a Terror and the Anthropocene -- Anti-colonial critique of the Anthropocene -- Provincializing the Anthropocene; or, why artists, feminists, and Yemeni people have much to say about the cosmos -- The Anthropocene is a work of art -- The Terracene -- Sensing the Terracene -- Crude aesthetics -- The glass shattered at my feet -- Listening to the Terracene -- Shelter -- Silence -- Lamassu -- Huma -- Homa -- Pazuzu -- The Red Star -- Narrative terrorism -- Texas crude -- A fire! -- The Devil's excrement. 
588 0 |a Online resource; title from PDF title page (JSTOR platform, viewed August 21, 2023). 
650 0 |a Arts and society  |z Middle East. 
650 0 |a Arts, Modern  |y 21st century  |x Political aspects. 
650 0 |a War on Terrorism, 2001-2009, in mass media. 
650 0 |a Environmental degradation in art. 
650 0 |a Human ecology in art. 
650 0 |a Terrorism  |x Environmental aspects. 
650 0 |a War  |x Environmental aspects. 
650 0 |a Climatic changes  |x Social aspects. 
648 7 |a 2000-2099  |2 fast 
655 7 |a Electronic books.  |2 local 
776 1 8 |i Print version:  |a Mameni, Salar, 1977-  |t Terracene.  |d Durham : Duke University Press, 2023  |z 9781478025061  |z 9781478020066  |w (DLC) 2022048888 
830 0 |a ANIMA (Duke University Press) 
856 4 0 |u http://proxy.library.tamu.edu/login?url=https://www.jstor.org/stable/10.2307/jj.4470329  |z Connect to the full text of this electronic book  |t 0 
955 |a JSTOR DDA record 
999 f f |s 7557cd55-15e7-4dda-b853-04cd06e2fd35  |i 5e6badf1-f760-4fff-9fde-cb8cfff16ec5  |t 0 
952 f f |a Texas A&M University  |b College Station  |c Electronic Resources  |d Available Online  |t 0  |e NX180.S6 M345 2023  |h Library of Congress classification 
998 f f |a NX180.S6 M345 2023  |t 0  |l Available Online